000 01069nmm a2200349 a 4500
001 ocm000984900
003 TR-IsHL
005 20201028153914.0
008 150709s2013 tu tur
007 cr cn
020 _a9786054156153
035 _a984900
_b(N$T)
050 0 4 _aQH365
_b.O219 2013
090 0 4 _aQH365
_b.O219 2013
100 1 _aDarwin, Charles,
245 1 0 _aTürlerin kökeni
_h[electronic resource] /
_cCharles, Darwin ; çeviren Öner Ünalan
250 _a4. basım
260 _aİstanbul :
_bEvrensel Basım Yayın,
_c2013
300 _a521 p.
650 4 _aMühendislik ve Teknoloji
650 4 _aEngineering and Technology
650 0 _aDarwin, Charles, 1809-1882
650 0 _aEvrim
650 0 _aEvolution
650 0 _aDoğal ayıklanma
650 0 _aNatural selection
650 0 _aKalıtım
650 0 _aHeredity
650 7 _aSCIENCE / Life Sciences / Evolution
_2bisacsh
700 1 _aÜnalan, Öner
856 4 0 _uhttp://search.ebscohost.com/login.aspx?direct=true&scope=site&db=e011xww&AN=984900
999 _c12294
_d12294